| 000 | 00743nam a2200253 i 4500 | ||
|---|---|---|---|
| 001 | bgj | ||
| 100 | 1 | _aO'SULLIVAN, Tim | |
| 245 | 1 | 0 |
_aStudying the Media : _ban introduction / _cTim O'Sullivan ; Brian Dutton ; Philip Rayner. |
| 250 | _a[6th impr.]. | ||
| 260 |
_aLondon, [etc.] : _bArnold, _c1996. |
||
| 300 |
_aXI, 308 pp : _bill. ; _c25 cm. |
||
| 500 | _a1st published in 1994. | ||
| 504 | _aBibliography p. 197-303. | ||
| 505 | _aIncludes tables, index. | ||
| 650 | 9 | _aMass media | |
| 700 | 1 |
_aDUTTON, Brian. _eco-author |
|
| 700 | 1 |
_aRAYNER, Philip. _eco-author |
|
| 020 | _a034059828X (pbk) | ||
| 040 | _cBPK | ||
| 041 | 0 | _aeng | |
| 920 | _a0-340-59828-X (pbk) | ||
| 942 | _cKS | ||
| 008 | s uk f |000 0 eng | ||
| 999 |
_c50141 _d50141 |
||